International commercial arbitration: the supportive and supervisory role of national courts in the arbitration process (Record no. 47315)

MARC details
000 -LEADER
fixed length control field 00735nam a2200169 a 4500
008 - FIXED-LENGTH DATA ELEMENTS--GENERAL INFORMATION
fixed length control field 210331s2021 ||||||||||||||||| || u
020 ## - INTERNATIONAL STANDARD BOOK NUMBER
International Standard Book Number 9781638211860
050 ## - LIBRARY OF CONGRESS CALL NUMBER
Classification number ZAM KG 59 Kam
100 ## - MAIN ENTRY--PERSONAL NAME
Personal name Kamanga, Patricia
245 10 - TITLE STATEMENT
Title International commercial arbitration: the supportive and supervisory role of national courts in the arbitration process
Statement of responsibility, etc. By Dr. Patricia Nchimunya Shansonga Kamanga
260 ## - PUBLICATION, DISTRIBUTION, ETC.
Place of publication, distribution, etc. Johannesburg
Name of publisher, distributor, etc. FYI Africa Publishing
Date of publication, distribution, etc. 2021
300 ## - PHYSICAL DESCRIPTION
Extent ii, 142 pages
500 ## - GENERAL NOTE
General note Includes References
650 ## - SUBJECT ADDED ENTRY--TOPICAL TERM
Topical term or geographic name entry element ARBITRATION AGREEMENTS, COMMERCIAL
650 ## - SUBJECT ADDED ENTRY--TOPICAL TERM
Topical term or geographic name entry element ARBITRATION AND AWARD
995 ## - RECOMMENDATION 995 [LOCAL, UNIMARC FRANCE]
-- CBU-MAIN LIBRARY (Kitwe)
-- 1
-- AVAILABLE
-- Mar 31, 2021
-- Zambiana Collection
Holdings
Withdrawn status Lost status Source of classification or shelving scheme Damaged status Not for loan Home library Current library Shelving location Date acquired Total Checkouts Full call number Barcode Date last seen Price effective from Koha item type
          CBU-MAIN LIBRARY, KITWE. CBU-MAIN LIBRARY, KITWE.   11/30/2022   ZAM KG 59 Kam B4379 11/30/2022 11/30/2022 MONOGRAPH